| 000 | 00310 a2200109 4500 | ||
|---|---|---|---|
| 082 | _a526.9 KAN | ||
| 100 | _aKanetkar,T. P. | ||
| 245 |
_aSurveying and Levelling [Part II] _cT. P. Kanetkar, S.V. Kulkarni |
||
| 250 | _a12th. ed. | ||
| 260 |
_aPoona _bCollege of Engineering _c1977 |
||
| 300 |
_axvi, 691p. : _bill. ; _c20 cm. |
||
| 650 | _asurvey | ||
| 999 |
_c192 _d192 |
||